header

A natural history of time (Record no. 80833)

MARC details
000 -LEADER
fixed length control field 01279nam a2200349Ia 4500
082 04 - DEWEY DECIMAL CLASSIFICATION NUMBER
Classification number 551.7/01
100 1# - MAIN ENTRY--AUTHOR NAME
Personal name Richet, Pascal.
245 12 - TITLE STATEMENT
Title A natural history of time
260 ## - PUBLICATION, DISTRIBUTION, ETC. (IMPRINT)
Place of publication Chicago :
Name of publisher University of Chicago Press,
Year of publication 2007.
300 ## - PHYSICAL DESCRIPTION
Number of Pages xiv, 471 p. :
Other physical details ill.
650 #0 - SUBJECT ADDED ENTRY--TOPICAL TERM
Topical Term Geological time.
856 40 - ELECTRONIC LOCATION AND ACCESS
Uniform Resource Identifier http://site.ebrary.com/lib/rucke/Doc?id=10571179

No items available.

© 2026 Rongo University
Contact us: librarian | system librarian | Rongo university